| 000 | 00945nam a22002537a 4500 | ||
|---|---|---|---|
| 008 | 240620b mp ||||| |||| 00| 0 mon d | ||
| 020 | _a978-99973-1-510-6 | ||
| 035 | _a19791 | ||
| 040 |
_aUM0146080 _bmon _cMN-UlNLM _dMN-UlNLM _erda |
||
| 041 | _amon | ||
| 042 | _a79408 | ||
| 084 |
_2NNA _a84(7Ану) _bК41 |
||
| 100 | _aКинни Ж. | ||
| 245 | 0 | _aДүрсгүй жаалын өдрийн тэмдэглэл | |
| 264 |
_aУБ _bЦэнхэр гүзээзлгэнэ _c2018 |
||
| 300 | _a224х. | ||
| 336 |
_2rdacontent _atext _btxt |
||
| 337 |
_2rdamedia _aunmediated _bn |
||
| 338 |
_2rdacarrier _avolume _bnc |
||
| 490 | _v2 | ||
| 650 | _aТус бүтээл нь уран зохиолын ном болно. Зохиолд гарч буй нэр, дүр, газар, тохиолдлууд нь зохиолчийн уран бүтээлээс үүдэлтэй бөгөө... | ||
| 942 |
_2NNA _cBK |
||
| 999 |
_c1023028 _d1023085 |
||